书目信息 |
| 题名: |
论党
|
|
| 作者: | 刘少奇 著 | |
| 分册: | ||
| 出版信息: | 北京 人民出版社 1980 |
|
| 页数: | 156页 | |
| 开本: | 19cm | |
| 丛书名: | ||
| 单 册: | ||
| 中图分类: | D26 , D2-0 , D2-1 | |
| 科图分类: | ||
| 主题词: | 党的建设-中国共产党 , 中国共产党 | |
| 电子资源: | ||
| ISBN: | ||
| 000 | 00718nam0 2200289 45 | |
| 001 | 0180007730 | |
| 005 | 20070924145218.32 | |
| 010 | @dCNY0.32 | |
| 091 | @a3001.1752 | |
| 100 | @a19950523d1980 em y0chiy0121 ea | |
| 101 | 0 | @achi |
| 102 | @aCN@b110000 | |
| 105 | @ay z 000yy | |
| 200 | 10 | @a论党@Alun dang@f刘少奇著 |
| 210 | @a北京@c人民出版社@d1980 | |
| 215 | @a156页@d19cm | |
| 600 | 0 | @a刘少奇@x文集 |
| 601 | 02 | @a中国共产党@x党的建设 |
| 606 | @a党的建设-中国共产党 | |
| 606 | 0 | @a中国共产党 |
| 690 | @aD26@v3 | |
| 690 | @aD2-0@v3 | |
| 690 | @aD2-1 | |
| 701 | 0 | @a刘少奇@Aliu shao qi@4著 |
| 801 | 2 | @aCN@bNLC@c20070924 |
| 801 | 0 | @aCN@b上海图书馆@c20060802 |
| 905 | @f4@b35376-379@dD2-1@e11 | |
| 论党/刘少奇著.-北京:人民出版社,1980 |
| 156页;19cm |
| ISBN :CNY0.32 |
| ● |
| 相关链接 |
|
|
|
|
正题名:论党
索取号:D2-1/11
 
预约/预借
| 序号 | 登录号 | 条形码 | 馆藏地/架位号 | 状态 | 备注 |
| 1 | 0035376 | 001011041 | 第一借阅区/ [索取号:D2-1/11] | 在馆 | |
| 2 | 0035377 | 001011032 | 第一借阅区/ [索取号:D2-1/11] | 在馆 | |
| 3 | 0035378 | 001011023 | 第一借阅区/ [索取号:D2-1/11] | 在馆 | |
| 4 | 0035379 | 001011014 | 第一借阅区/ [索取号:D2-1/11] | 在馆 | |
| 5 | 0035380 | 002050103 | 第一样本阅览室/ [索取号:D2-1/11] | 在馆 | |
| 6 | 0425669 | 204256697 | 密集书库/ [索取号:D2-1/11] | 在馆 | |
| 7 | 0425670 | 204256704 | 密集书库/ [索取号:D2-1/11] | 在馆 | |
| 8 | 0425671 | 204256713 | 密集书库/ [索取号:D2-1/11] | 在馆 | |
| 9 | 0425672 | 204256722 | 密集书库/ [索取号:D2-1/11] | 在馆 | |
| 10 | 0425673 | 204256731 | 密集书库/ [索取号:D2-1/11] | 在馆 | |
| 11 | 0441879 | 204418790 | 密集书库/ [索取号:D2-1/11] | 在馆 | |
| 12 | 0624757 | 206247578 | 密集书库/ [索取号:D2-1/11] | 在馆 |